000 00909nas a2200253 4500
001 BR8101850
003 BR-BrBNA
005 20231205084611.0
007 ta
008 230509b bl.|||p| |||| 00| 00por d
040 _aBR-BrBNA
_bpor
_cBiblioteca Nacional de Agricultura
041 _a(Pt)
072 _aM40
100 1 _aMoraes, B.M. de
245 1 _aOcorrencia de Erylus topsenti Lendenfeld, 1903 na costa do Rio de Janeiro (Polifera, Demospongiae)Esponja; Brasil]
246 1 _a[Occurrence of Erylus topsenti Lendenfeld 1903 in the coast of Rio de Janeiro (Porifera, Demospongiae)[Sponge; Brazil]
650 _aBiologia aquatica
650 _aEsponja
650 _aEcologia aquatica
650 _aRio de Janeiro
773 0 _tIheringia. Serie Zoologia (Brazil)
_xISSN 0073-4721
_g(Feb 1981), (no. 57) p. 105-111
_wBR8101850
909 _a202311
_bLúcia
_c55
_dLúcia Elande
942 _2AGRIS
_n0
_cANA
999 _c106174
_d106174